000 02010cam a2200397Ma 4500
001 75923
005 20230410121213.0
008 070516s2007 nyuba b 001 0 eng d
010 _a2007020770
035 _a(OCoLC)ocn232345920
040 _aLVB
_bfre
_cLVB
020 _a9780231700061 (cloth : alk. paper)
020 _a0231700067 (hardback : alk. paper)
035 _a(OCoLC)232345920
041 1 _aeng
_hfre
043 _aa-ir---
050 1 4 _aJZ 5665
_bD363i 2007
082 0 0 _a327.1/7470955
100 1 _aDelpech, Therese.
245 1 0 _aIran and the bomb :
_bthe abdication of international responsibility /
_cTheŕese Delpech ; translated by Ros Schwartz.
260 _aNew York :
_bColumbia University Press,
_c2007
300 _a148 p.:
_bill. maps.;
_c20cm.
440 0 _aCERI Series in Comparative Politics and International Studies
500 _aTranslation of: L’Iran, la bombe et la démission des nations
504 _aIncludes bibliographical references (p.141-144) and index
505 0 _a1. Iran: indisputable military nuclear ambitions -- 2. Europe: an increasingly controversial strategy -- 3. America: in a state of paralysis? -- 4. Russia: an unreliable partner -- 5. China: a close ally for Iran -- 6. Pakistan: clandestine supplier, uneasy neighbour -- 7. India: energy needs and rapprochement with Washington -- 8. Israel: an existential threat -- 9. North Korea: a role model? -- 10. Egypt: the opportunity to rethink its defence policy? -- 11. Saudi Arabia: open rivalry in the gulf -- 12. South Africa: an ambiguous player -- 13. The IAEA: no referral to the security council -- Conclusion.
650 6 _aNon-proliferation nucleaire
_zIran.
650 0 _aNuclear nonproliferation
_zIran.
651 0 _aIran
_xForeign relations
_y1997-
650 0 _aWorld politics
_y1989-
700 1 _aSchwartz, Ros.
856 4 1 _3Table des matiáeres
_uhttp://www.loc.gov/catdir/toc/ecip0718/2007020770.html
942 _2lcc
_cbk
994 _aC0
_bDRFGD
946 _aRdC
999 _c60038
_d60038